Phát triển nhà ở đô thị tại tỉnh Bình Dương : Luận án Tiến sĩ Kinh tế - Chuyên ngành: Kinh tế học

Guardat en:
Dades bibliogràfiques
Autor principal: Nguyễn, Khánh Bình
Format: Luận văn
Idioma:Undetermined
Publicat: Đại học Kinh tế - Luật TP. Hồ Chí Minh 2019
Matèries:
Etiquetes: Afegir etiqueta
Sense etiquetes, Sigues el primer a etiquetar aquest registre!
Thư viện lưu trữ: Trung tâm Thư viện - Trường Đại học Công nghiệp TP. Hồ Chí Minh
LEADER 00645nam a2200157Ia 4500
001 UIH_01847
008 230809s9999 xx 000 0 und d
082 |a 330 
100 |a Nguyễn, Khánh Bình 
245 0 |a Phát triển nhà ở đô thị tại tỉnh Bình Dương : Luận án Tiến sĩ Kinh tế - Chuyên ngành: Kinh tế học 
245 0 |c Nguyễn, Khánh Bình 
260 |b Đại học Kinh tế - Luật TP. Hồ Chí Minh 
260 |c 2019 
650 |a Kinh tế học 
927 |a Luận văn 
980 |a Trung tâm Thư viện - Trường Đại học Công nghiệp TP. Hồ Chí Minh